000 00561nam a2200181Ia 4500
008 100921s9999 xx 000 0 und d
082 _b17869
_a891.463 थ 82
100 _aकाकोडकर चंद्रकांत.
245 _aरसिका.
260 _bवसंत बुक स्टॉल,मुंबई.
_c1982
300 _a218
_b---
365 _b30
520 _aललित-कादंबरी.
630 _aरसिका.
650 _aललित-कादंबरी.
730 _aरसिका.
942 _cBOOK
999 _c766982
_d766979